Triky a tipy pre úspešného manažéra - 7. diel: Ako dosiahnuť výsledky prostredníctvom druhých ľudí

Efektívne delegovanie. Čo delegovať a čo nedelegovať. Plánovanie delegovania. Výber vhodného pracovníka. Ako delegovať. Podpora delegovania.

Na minha lista:
Detalhes bibliográficos
Autor principal: Thomasová, Elena
Formato: Capítulo de Livro
Idioma:eslovaco
Assuntos:
Tags: Adicionar Tag
Sem tags, seja o primeiro a adicionar uma tag!

MARC

LEADER 00000nla a2200000 4500
001 0157718
005 20240502072743.3
041 0 |a slo 
044 |a SK 
245 1 0 |a Triky a tipy pre úspešného manažéra - 7. diel: Ako dosiahnuť výsledky prostredníctvom druhých ľudí 
520 |a Efektívne delegovanie. Čo delegovať a čo nedelegovať. Plánovanie delegovania. Výber vhodného pracovníka. Ako delegovať. Podpora delegovania. 
610 2 0 |a riadenie 
610 2 0 |a práca 
610 2 0 |a manažéri 
610 2 0 |a pracovníci 
610 2 0 |a zamestnanci 
610 2 0 |a schopnosti pracovné 
610 2 0 |a efektívnosť 
610 2 0 |a kontrola 
610 2 0 |a odmeňovanie 
610 2 0 |a odmeny 
610 2 0 |a právomoc 
610 2 0 |a zodpovednosť 
610 2 0 |a delegovanie právomoci 
100 1 |a Thomasová, Elena